LIBRARY & INFORMATION CENTRE, KCAET, TAVANUR

ONLINE PUBLIC ACCESS CATALOGUE (OPAC)

Illusion and reality / (Record no. 4868)

MARC details
000 -LEADER
fixed length control field 00374cam a2200145ua 4500
041 ## - LANGUAGE CODE
Language code of text/sound track or separate title eng
082 ## - DEWEY DECIMAL CLASSIFICATION NUMBER
Classification number 821.09
Item number CAU/IL
100 ## - MAIN ENTRY--AUTHOR NAME
Personal name Caudwell, Christopher .
245 ## - TITLE STATEMENT
Title Illusion and reality /
260 ## - PUBLICATION, DISTRIBUTION, ETC. (IMPRINT)
Place of publication London :
Name of publisher Lawrence and Wishart ,
Year of publication 1958.
300 ## - PHYSICAL DESCRIPTION
Number of Pages 342 ; .
942 ## - ADDED ENTRY ELEMENTS (KOHA)
Koha item type Books
Holdings
Withdrawn status Lost status Damaged status Home library Current library Date acquired Full call number Accession Number Koha item type Public note
Withdrawn     KAUAET Central Prison Tavanur 07/04/2012 821.09 CAU/IL 6124 Books Transferred to Central Prison
free website counter